[Event "ODJM C 2024"]
[Site "Willingen GER"]
[Date "2024.05.25"]
[Round "9"]
[White "Kulgemeyer, Justus"]
[Black "Peglau, Lorena"]
[Result "1-0"]
[Termination "normal"]
[Board "12"]
[WhiteElo "1243"]
[BlackElo "1563"]
[WhiteClock "01:00:55"]
[BlackClock "01:14:23"]
[PlyCount "161"]
[WhiteFideId "34623671"]
[BlackFideId "16290542"]
[EventCountry "GER"]
[EventRounds "9"]
[EventType "swiss"]
[EventDate "2024.05.18"]

1. d4 {[%clk 01:30:58]} {[%emt 00:00:02]} d5 {[%clk 01:30:56]} {[%emt
00:00:04]} 2. Nc3 {[%clk 01:31:26]} {[%emt 00:00:03]} Nf6 {[%clk 01:31:20]}
{[%emt 00:00:06]} 3. Bf4 {[%clk 01:31:52]} {[%emt 00:00:04]} c5 {[%clk
01:31:44]} {[%emt 00:00:06]} 4. e3 {[%clk 01:32:03]} {[%emt 00:00:19]} cxd4
{[%clk 01:32:07]} {[%emt 00:00:06]} 5. exd4 {[%clk 01:32:28]} {[%emt 00:00:05]}
Bg4 {[%clk 01:32:28]} {[%emt 00:00:09]} 6. f3 {[%clk 01:32:49]} {[%emt
00:00:10]} Bd7 {[%clk 01:32:53]} {[%emt 00:00:05]} 7. Bd3 {[%clk 01:33:11]}
{[%emt 00:00:08]} e6 {[%clk 01:33:12]} {[%emt 00:00:10]} 8. Nge2 {[%clk
01:33:18]} {[%emt 00:00:23]} Nc6 {[%clk 01:33:31]} {[%emt 00:00:12]} 9. Nb5
{[%clk 01:33:31]} {[%emt 00:00:17]} Rc8 {[%clk 01:33:45]} {[%emt 00:00:15]} 10.
O-O {[%clk 01:33:02]} {[%emt 00:01:00]} Be7 {[%clk 01:33:35]} {[%emt 00:00:40]}
11. Nd6+ {[%clk 01:33:14]} {[%emt 00:00:17]} Bxd6 {[%clk 01:33:55]} {[%emt
00:00:10]} 12. Bxd6 {[%clk 01:33:39]} {[%emt 00:00:05]} Ne7 {[%clk 01:32:35]}
{[%emt 00:01:50]} 13. c3 {[%clk 01:33:26]} {[%emt 00:00:43]} Bc6 {[%clk
01:32:15]} {[%emt 00:00:50]} 14. Bg3 {[%clk 01:32:33]} {[%emt 00:01:24]} O-O
{[%clk 01:32:24]} {[%emt 00:00:20]} 15. Be5 {[%clk 01:31:29]} {[%emt 00:01:34]}
Ng6 {[%clk 01:32:33]} {[%emt 00:00:21]} 16. Nf4 {[%clk 01:29:51]} {[%emt
00:02:09]} Nxe5 {[%clk 01:32:15]} {[%emt 00:00:48]} 17. dxe5 {[%clk 01:30:09]}
{[%emt 00:00:11]} Nd7 {[%clk 01:32:34]} {[%emt 00:00:11]} 18. Re1 {[%clk
01:29:15]} {[%emt 00:01:23]} Qc7 {[%clk 01:32:26]} {[%emt 00:00:40]} 19. Qe2
{[%clk 01:28:43]} {[%emt 00:01:02]} Rb8 {[%clk 01:29:02]} {[%emt 00:03:54]} 20.
Nh3 {[%clk 01:28:14]} {[%emt 00:00:58]} b5 {[%clk 01:27:14]} {[%emt 00:02:18]}
21. f4 {[%clk 01:27:22]} {[%emt 00:01:22]} b4 {[%clk 01:23:51]} {[%emt
00:03:53]} 22. cxb4 {[%clk 01:26:47]} {[%emt 00:01:05]} Rxb4 {[%clk 01:23:54]}
{[%emt 00:00:27]} 23. Qh5 {[%clk 01:09:25]} {[%emt 00:17:53]} Qb6+ {[%clk
01:22:29]} {[%emt 00:01:55]} 24. Kh1 {[%clk 01:08:13]} {[%emt 00:01:41]} h6
{[%clk 01:20:07]} {[%emt 00:02:52]} 25. f5 {[%clk 01:06:35]} {[%emt 00:02:09]}
exf5 {[%clk 01:19:03]} {[%emt 00:01:34]} 26. Qxf5 {[%clk 01:05:58]} {[%emt
00:01:07]} g6 {[%clk 01:19:12]} {[%emt 00:00:20]} 27. Qf3 {[%clk 01:05:13]}
{[%emt 00:01:13]} Rxb2 {[%clk 01:18:54]} {[%emt 00:00:50]} 28. Qf4 {[%clk
01:02:38]} {[%emt 00:03:05]} Kg7 {[%clk 01:17:07]} {[%emt 00:02:17]} 29. Rab1
{[%clk 00:59:53]} {[%emt 00:03:15]} d4 {[%clk 01:17:06]} {[%emt 00:00:31]} 30.
Rxb2 {[%clk 00:59:21]} {[%emt 00:01:03]} Qxb2 {[%clk 01:17:29]} {[%emt
00:00:06]} 31. Be4 {[%clk 00:58:19]} {[%emt 00:01:32]} Qc3 {[%clk 01:16:36]}
{[%emt 00:01:24]} 32. Rc1 {[%clk 00:57:02]} {[%emt 00:01:46]} Qa5 {[%clk
01:11:36]} {[%emt 00:05:30]} 33. Bxc6 {[%clk 00:56:30]} {[%emt 00:01:02]} Nxe5
{[%clk 01:11:10]} {[%emt 00:00:56]} 34. Qxd4 {[%clk 00:56:19]} {[%emt
00:00:42]} Rc8 {[%clk 01:11:22]} {[%emt 00:00:18]} 35. Rc5 {[%clk 00:55:49]}
{[%emt 00:00:59]} Qe1+ {[%clk 01:11:15]} {[%emt 00:00:36]} 36. Ng1 {[%clk
00:55:51]} {[%emt 00:00:28]} f6 {[%clk 01:10:49]} {[%emt 00:00:57]} 37. Rxe5
{[%clk 00:54:53]} {[%emt 00:01:28]} Qxe5 {[%clk 01:09:55]} {[%emt 00:01:25]}
38. Qd7+ {[%clk 00:55:10]} {[%emt 00:00:11]} Kf8 {[%clk 01:09:28]} {[%emt
00:00:58]} 39. Qxc8+ {[%clk 00:55:27]} {[%emt 00:00:14]} Kf7 {[%clk 01:09:41]}
{[%emt 00:00:17]} 40. Qe8+ {[%clk 00:54:34]} {[%emt 00:01:22]} Qxe8 {[%clk
01:09:57]} {[%emt 00:00:14]} 41. Bxe8+ {[%clk 00:55:01]} {[%emt 00:00:03]} Kxe8
{[%clk 01:10:19]} {[%emt 00:00:09]} 42. Ne2 {[%clk 00:55:25]} {[%emt 00:00:05]}
Ke7 {[%clk 01:10:37]} {[%emt 00:00:12]} 43. Nc3 {[%clk 00:55:49]} {[%emt
00:00:06]} Ke6 {[%clk 01:10:47]} {[%emt 00:00:20]} 44. Kg1 {[%clk 00:56:11]}
{[%emt 00:00:08]} Ke5 {[%clk 01:10:52]} {[%emt 00:00:25]} 45. Kf2 {[%clk
00:56:33]} {[%emt 00:00:08]} f5 {[%clk 01:10:36]} {[%emt 00:00:45]} 46. Kf3
{[%clk 00:55:31]} {[%emt 00:01:32]} g5 {[%clk 01:10:42]} {[%emt 00:00:24]} 47.
g3 {[%clk 00:55:39]} {[%emt 00:00:23]} a6 {[%clk 01:09:53]} {[%emt 00:01:20]}
48. Ke3 {[%clk 00:55:19]} {[%emt 00:00:50]} a5 {[%clk 01:09:02]} {[%emt
00:01:21]} 49. a3 {[%clk 00:55:08]} {[%emt 00:00:41]} Kd6 {[%clk 01:08:41]}
{[%emt 00:00:50]} 50. Kd4 {[%clk 00:55:15]} {[%emt 00:00:23]} Kc6 {[%clk
01:08:56]} {[%emt 00:00:15]} 51. Ke5 {[%clk 00:54:16]} {[%emt 00:01:29]} Kc5
{[%clk 01:09:07]} {[%emt 00:00:19]} 52. Kxf5 {[%emt 00:00:11]} Kc4 {[%clk
01:09:22]} {[%emt 00:00:13]} 53. Nb1 {[%clk 00:55:03]} {[%emt 00:00:05]} Kb3
{[%clk 01:09:30]} {[%emt 00:00:21]} 54. Ke5 {[%clk 00:53:27]} {[%emt 00:02:06]}
Kb2 {[%clk 01:09:41]} {[%emt 00:00:19]} 55. Nd2 {[%clk 00:53:28]} {[%emt
00:00:28]} a4 {[%clk 01:09:46]} {[%emt 00:00:26]} 56. Nc4+ {[%clk 00:53:48]}
{[%emt 00:00:11]} Kb3 {[%clk 01:09:54]} {[%emt 00:00:21]} 57. Nb6 {[%clk
00:54:12]} {[%emt 00:00:07]} Kxa3 {[%clk 01:10:06]} {[%emt 00:00:17]} 58. Nxa4
{[%clk 00:54:37]} {[%emt 00:00:05]} Kxa4 {[%clk 01:10:30]} {[%emt 00:00:06]}
59. Kf5 {[%clk 00:55:03]} {[%emt 00:00:04]} Kb4 {[%clk 01:10:42]} {[%emt
00:00:18]} 60. Kg6 {[%clk 00:55:27]} {[%emt 00:00:07]} Kc5 {[%clk 01:09:39]}
{[%emt 00:01:33]} 61. Kxh6 {[%clk 00:55:42]} {[%emt 00:00:14]} g4 {[%clk
01:09:07]} {[%emt 00:01:03]} 62. Kg5 {[%clk 00:56:03]} {[%emt 00:00:09]} Kd6
{[%clk 01:09:26]} {[%emt 00:00:10]} 63. Kxg4 {[%clk 00:56:18]} {[%emt
00:00:15]} Ke6 {[%clk 01:09:46]} {[%emt 00:00:10]} 64. h4 {[%clk 00:56:23]}
{[%emt 00:00:26]} Kf6 {[%clk 01:09:52]} {[%emt 00:00:23]} 65. Kf4 {[%clk
00:56:28]} {[%emt 00:00:25]} Kg6 {[%clk 01:10:12]} {[%emt 00:00:10]} 66. Ke5
{[%clk 00:56:09]} {[%emt 00:00:49]} Kh5 {[%clk 01:10:24]} {[%emt 00:00:18]} 67.
Kf5 {[%clk 00:56:29]} {[%emt 00:00:10]} Kh6 {[%clk 01:10:43]} {[%emt 00:00:11]}
68. g4 {[%clk 00:56:37]} {[%emt 00:00:22]} Kg7 {[%emt 00:00:25]} 69. g5 {[%clk
00:56:54]} Kf7 {[%clk 01:11:18]} {[%emt 00:00:13]} 70. g6+ {[%clk 00:57:03]}
{[%emt 00:00:21]} Kg7 {[%clk 01:11:43]} {[%emt 00:00:05]} 71. h5 {[%clk
00:57:21]} {[%emt 00:00:13]} Kg8 {[%clk 01:11:25]} {[%emt 00:00:47]} 72. Kf6
{[%clk 00:57:38]} {[%emt 00:00:13]} Kh8 {[%clk 01:11:41]} {[%emt 00:00:14]} 73.
g7+ {[%clk 00:57:42]} {[%emt 00:00:27]} Kg8 {[%clk 01:12:03]} {[%emt 00:00:07]}
74. h6 {[%clk 00:58:07]} {[%emt 00:00:05]} Kh7 {[%clk 01:12:16]} {[%emt
00:00:17]} 75. Kf7 {[%clk 00:58:31]} {[%emt 00:00:07]} Kxh6 {[%clk 01:12:37]}
{[%emt 00:00:08]} 76. g8=Q {[%emt 00:00:07]} Kh5 {[%clk 01:12:56]} {[%emt
00:00:10]} 77. Kf6 {[%clk 00:59:16]} {[%emt 00:00:09]} Kh4 {[%clk 01:13:15]}
{[%emt 00:00:11]} 78. Kf5 {[%clk 00:59:38]} {[%emt 00:00:08]} Kh3 {[%clk
01:13:40]} {[%emt 00:00:04]} 79. Kf4 {[%clk 01:00:01]} {[%emt 00:00:08]} Kh2
{[%clk 01:14:01]} {[%emt 00:00:09]} 80. Kf3 {[%clk 01:00:28]} {[%emt 00:00:03]}
Kh1 {[%clk 01:14:23]} {[%emt 00:00:08]} 81. Qg2# {[%clk 01:00:55]} {[%emt
00:00:03]} 1-0

[Event "ODJM C 2024"]
[Site "Willingen GER"]
[Date "2024.05.25"]
[Round "9"]
[White "Frydel, Helena"]
[Black "Betz, Niclas"]
[Result "1/2-1/2"]
[Termination "normal"]
[Board "13"]
[WhiteElo "1485"]
[BlackElo "1658"]
[WhiteClock "01:11:55"]
[BlackClock "01:24:50"]
[PlyCount "68"]
[WhiteFideId "16266536"]
[BlackFideId "34616748"]
[EventCountry "GER"]
[EventRounds "9"]
[EventType "swiss"]
[EventDate "2024.05.18"]

1. d4 {[%clk 01:30:57]} {[%emt 00:00:03]} d5 {[%clk 01:30:55]} {[%emt
00:00:05]} 2. c4 {[%clk 01:31:22]} {[%emt 00:00:05]} e6 {[%clk 01:31:20]}
{[%emt 00:00:05]} 3. Nf3 {[%clk 01:31:46]} {[%emt 00:00:06]} Nf6 {[%clk
01:31:34]} {[%emt 00:00:15]} 4. Nc3 {[%clk 01:32:11]} {[%emt 00:00:05]} Nbd7
{[%clk 01:31:14]} {[%emt 00:00:50]} 5. Bg5 {[%clk 01:28:06]} {[%emt 00:04:35]}
Be7 {[%clk 01:30:54]} {[%emt 00:00:51]} 6. e3 {[%clk 01:25:53]} {[%emt
00:02:43]} O-O {[%clk 01:31:06]} {[%emt 00:00:18]} 7. Bd3 {[%clk 01:26:15]}
{[%emt 00:00:08]} b6 {[%clk 01:31:18]} {[%emt 00:00:18]} 8. O-O {[%clk
01:25:44]} {[%emt 00:01:00]} c5 {[%clk 01:31:08]} {[%emt 00:00:40]} 9. cxd5
{[%clk 01:25:40]} {[%emt 00:00:34]} exd5 {[%clk 01:30:51]} {[%emt 00:00:47]}
10. Ne5 {[%clk 01:23:07]} {[%emt 00:03:04]} Nxe5 {[%clk 01:30:23]} {[%emt
00:00:57]} 11. dxe5 {[%clk 01:23:30]} {[%emt 00:00:08]} Ng4 {[%clk 01:30:32]}
{[%emt 00:00:21]} 12. Bxe7 {[%clk 01:22:02]} {[%emt 00:01:58]} Qxe7 {[%clk
01:30:52]} {[%emt 00:00:09]} 13. Nxd5 {[%clk 01:22:20]} {[%emt 00:00:12]} Qxe5
{[%clk 01:31:06]} {[%emt 00:00:16]} 14. f4 {[%clk 01:20:42]} {[%emt 00:02:09]}
Qd6 {[%clk 01:27:05]} {[%emt 00:04:30]} 15. Be4 {[%clk 01:18:00]} {[%emt
00:03:12]} Bb7 {[%clk 01:23:08]} {[%emt 00:04:28]} 16. Qxg4 {[%clk 01:16:17]}
{[%emt 00:02:13]} Bxd5 {[%clk 01:22:59]} {[%emt 00:00:38]} 17. Rad1 {[%clk
01:15:52]} {[%emt 00:00:55]} Qe6 {[%clk 01:23:18]} {[%emt 00:00:11]} 18. Qxe6
{[%clk 01:14:22]} {[%emt 00:02:00]} fxe6 {[%clk 01:23:36]} {[%emt 00:00:11]}
19. Bxd5 {[%clk 01:14:41]} {[%emt 00:00:12]} exd5 {[%clk 01:23:55]} {[%emt
00:00:11]} 20. Rxd5 {[%clk 01:14:50]} {[%emt 00:00:20]} Rfe8 {[%clk 01:24:24]}
21. Kf2 {[%clk 01:14:56]} {[%emt 00:00:25]} Rad8 {[%clk 01:24:39]} {[%emt
00:00:15]} 22. Rfd1 {[%clk 01:15:15]} {[%emt 00:00:11]} Rxd5 {[%clk 01:24:27]}
{[%emt 00:00:42]} 23. Rxd5 {[%clk 01:15:38]} {[%emt 00:00:08]} Re4 {[%clk
01:24:33]} {[%emt 00:00:25]} 24. Rd8+ {[%clk 01:15:02]} {[%emt 00:01:06]} Kf7
{[%clk 01:24:38]} {[%emt 00:00:25]} 25. Rd7+ {[%clk 01:15:25]} {[%emt
00:00:08]} Re7 {[%clk 01:25:02]} {[%emt 00:00:05]} 26. Rxe7+ {[%clk 01:15:21]}
{[%emt 00:00:33]} Kxe7 {[%clk 01:25:19]} {[%emt 00:00:13]} 27. Ke2 {[%clk
01:15:29]} {[%emt 00:00:22]} Ke6 {[%clk 01:25:44]} {[%emt 00:00:04]} 28. Kd3
{[%clk 01:15:32]} {[%emt 00:00:27]} Kd5 {[%clk 01:26:05]} {[%emt 00:00:09]} 29.
e4+ {[%clk 01:15:54]} {[%emt 00:00:08]} Kc6 {[%clk 01:26:32]} {[%emt 00:00:03]}
30. a4 {[%clk 01:15:11]} {[%emt 00:01:14]} a6 {[%clk 01:26:39]} {[%emt
00:00:24]} 31. b3 {[%clk 01:13:51]} {[%emt 00:01:49]} b5 {[%clk 01:26:15]}
{[%emt 00:00:53]} 32. a5 {[%clk 01:14:10]} {[%emt 00:00:11]} Kd6 {[%clk
01:26:21]} {[%emt 00:00:24]} 33. g3 {[%clk 01:11:49]} {[%emt 00:02:51]} Ke6
{[%clk 01:25:08]} {[%emt 00:01:41]} 34. h4 {[%clk 01:11:55]} {[%emt 00:00:26]}
h5 {[%clk 01:24:50]} {[%emt 00:00:48]} 1/2-1/2

[Event "ODJM C 2024"]
[Site "Willingen GER"]
[Date "2024.05.25"]
[Round "9"]
[White "Racky, Benedikt"]
[Black "Lange, Lene Marie"]
[Result "0-1"]
[Termination "normal"]
[Board "14"]
[WhiteElo "1180"]
[BlackElo "1497"]
[WhiteClock "01:24:21"]
[BlackClock "01:03:49"]
[PlyCount "34"]
[WhiteFideId "16239458"]
[BlackFideId "34639748"]
[EventCountry "GER"]
[EventRounds "9"]
[EventType "swiss"]
[EventDate "2024.05.18"]

1. e4 {[%clk 01:30:59]} {[%emt 18:08:33]} e5 {[%clk 01:30:50]} {[%emt
00:00:10]} 2. Nf3 {[%clk 01:31:24]} {[%emt 00:00:04]} Nf6 {[%clk 01:30:27]}
{[%emt 00:00:54]} 3. Bc4 {[%clk 01:31:47]} {[%emt 00:00:08]} Bc5 {[%clk
01:23:34]} {[%emt 00:07:24]} 4. Nc3 {[%clk 01:30:16]} {[%emt 00:02:01]} d6
{[%clk 01:22:23]} {[%emt 00:01:40]} 5. h3 {[%clk 01:30:21]} {[%emt 00:00:25]}
Nc6 {[%clk 01:21:48]} {[%emt 00:01:06]} 6. Nd5 {[%clk 01:30:23]} {[%emt
00:00:27]} Be6 {[%clk 01:20:22]} {[%emt 00:01:56]} 7. c3 {[%clk 01:29:44]}
{[%emt 00:01:09]} Nxe4 {[%clk 01:17:51]} {[%emt 00:03:01]} 8. d3 {[%clk
01:30:06]} {[%emt 00:00:08]} Nxf2 {[%clk 01:17:03]} {[%emt 00:01:18]} 9. Qb3
{[%clk 01:28:12]} {[%emt 00:02:24]} Nxh1 {[%clk 01:15:39]} {[%emt 00:01:53]}
10. Qxb7 {[%clk 01:27:48]} {[%emt 00:00:56]} Na5 {[%clk 01:13:24]} {[%emt
00:02:45]} 11. Qb5+ {[%clk 01:27:58]} {[%emt 00:00:19]} c6 {[%clk 01:12:43]}
{[%emt 00:01:11]} 12. Qa4 {[%clk 01:27:38]} {[%emt 00:00:50]} O-O {[%clk
01:11:31]} {[%emt 00:01:42]} 13. Nb4 {[%clk 01:25:59]} {[%emt 00:02:10]} Bxc4
{[%clk 01:10:29]} {[%emt 00:01:32]} 14. dxc4 {[%clk 01:26:15]} {[%emt
00:00:14]} Rc8 {[%clk 01:08:46]} {[%emt 00:02:12]} 15. Qc2 {[%clk 01:25:30]}
{[%emt 00:01:16]} Qf6 {[%clk 01:06:49]} {[%emt 00:02:28]} 16. Bg5 {[%clk
01:25:16]} {[%emt 00:00:44]} Qg6 {[%clk 01:05:19]} {[%emt 00:02:00]} 17. O-O-O
{[%clk 01:24:21]} {[%emt 00:01:25]} Qxc2+ {[%clk 01:03:49]} {[%emt 00:02:00]}
0-1

[Event "ODJM C 2024"]
[Site "Willingen GER"]
[Date "2024.05.25"]
[Round "9"]
[White "Christoffers, Julia Anne"]
[Black "Glaser-Gallion, Ludwig"]
[Result "1-0"]
[Termination "normal"]
[Board "15"]
[WhiteElo "1531"]
[BlackElo "1236"]
[WhiteClock "00:27:43"]
[BlackClock "00:53:27"]
[PlyCount "145"]
[WhiteFideId "16249895"]
[BlackFideId "533001880"]
[EventCountry "GER"]
[EventRounds "9"]
[EventType "swiss"]
[EventDate "2024.05.18"]

1. d4 {[%clk 01:30:57]} {[%emt 00:00:01]} Nf6 {[%clk 01:30:53]} {[%emt
00:00:07]} 2. Bf4 {[%clk 01:31:18]} {[%emt 00:00:09]} g6 {[%clk 01:31:17]}
{[%emt 00:00:06]} 3. e3 {[%clk 01:31:37]} {[%emt 00:00:12]} Bg7 {[%clk
01:31:41]} {[%emt 00:00:06]} 4. h3 {[%clk 01:31:42]} {[%emt 00:00:25]} d6
{[%clk 01:31:47]} {[%emt 00:00:24]} 5. Nf3 {[%clk 01:31:42]} {[%emt 00:00:30]}
O-O {[%clk 01:32:01]} {[%emt 00:00:15]} 6. Be2 {[%clk 01:31:23]} {[%emt
00:00:49]} Bf5 {[%clk 01:28:48]} {[%emt 00:03:43]} 7. c3 {[%clk 01:29:50]}
{[%emt 00:02:04]} Nbd7 {[%clk 01:25:59]} {[%emt 00:03:19]} 8. O-O {[%clk
01:27:58]} {[%emt 00:02:21]} c5 {[%clk 01:24:21]} {[%emt 00:02:08]} 9. Re1
{[%clk 01:15:52]} {[%emt 00:12:36]} Rc8 {[%clk 01:14:42]} {[%emt 00:10:09]} 10.
Nbd2 {[%clk 01:11:08]} {[%emt 00:05:15]} Nd5 {[%clk 01:11:37]} {[%emt
00:03:34]} 11. Bh2 {[%clk 01:07:54]} {[%emt 00:03:44]} N5f6 {[%clk 01:10:24]}
{[%emt 00:01:43]} 12. a3 {[%clk 01:00:51]} {[%emt 00:07:33]} Ne4 {[%clk
00:46:43]} {[%emt 00:24:10]} 13. Qc1 {[%clk 00:50:06]} {[%emt 00:11:16]} Nxd2
{[%clk 00:42:53]} {[%emt 00:04:19]} 14. Qxd2 {[%clk 00:50:26]} {[%emt
00:00:11]} Nf6 {[%clk 00:43:12]} {[%emt 00:00:11]} 15. Qc1 {[%clk 00:43:44]}
{[%emt 00:07:12]} Re8 {[%clk 00:38:48]} {[%emt 00:04:53]} 16. Bb5 {[%clk
00:39:45]} {[%emt 00:04:30]} Bd7 {[%clk 00:38:34]} {[%emt 00:00:44]} 17. Bxd7
{[%clk 00:35:06]} {[%emt 00:05:09]} Qxd7 {[%clk 00:38:41]} {[%emt 00:00:22]}
18. e4 {[%clk 00:33:30]} {[%emt 00:02:06]} cxd4 {[%clk 00:35:52]} {[%emt
00:03:19]} 19. Nxd4 {[%clk 00:33:52]} {[%emt 00:00:09]} d5 {[%clk 00:33:42]}
{[%emt 00:02:40]} 20. exd5 {[%clk 00:31:09]} {[%emt 00:03:13]} Nxd5 {[%clk
00:33:21]} {[%emt 00:00:51]} 21. Qd2 {[%clk 00:31:05]} {[%emt 00:00:34]} Nb6
{[%clk 00:30:27]} {[%emt 00:03:24]} 22. Qe3 {[%clk 00:29:50]} {[%emt 00:01:45]}
Nc4 {[%clk 00:29:51]} {[%emt 00:01:07]} 23. Qe4 {[%clk 00:27:05]} {[%emt
00:03:15]} Rc7 {[%clk 00:25:45]} {[%emt 00:04:33]} 24. b3 {[%clk 00:26:19]}
{[%emt 00:01:18]} Nd6 {[%clk 00:25:58]} {[%emt 00:00:17]} 25. Bxd6 {[%clk
00:24:50]} {[%emt 00:01:58]} Qxd6 {[%clk 00:25:09]} {[%emt 00:01:19]} 26. Nb5
{[%clk 00:25:04]} {[%emt 00:00:16]} Qb6 {[%clk 00:24:10]} {[%emt 00:01:29]} 27.
Nxc7 {[%clk 00:24:42]} {[%emt 00:00:52]} Qxc7 {[%clk 00:24:09]} {[%emt
00:00:31]} 28. Rac1 {[%clk 00:24:51]} {[%emt 00:00:21]} Qb6 {[%clk 00:24:19]}
{[%emt 00:00:21]} 29. Qb4 {[%clk 00:24:12]} {[%emt 00:01:09]} Qc7 {[%clk
00:24:11]} {[%emt 00:00:38]} 30. c4 {[%clk 00:22:39]} {[%emt 00:02:03]} e6
{[%clk 00:24:22]} {[%emt 00:00:19]} 31. Rcd1 {[%clk 00:22:28]} {[%emt
00:00:41]} Ra8 {[%clk 00:23:27]} {[%emt 00:01:25]} 32. Qd6 {[%clk 00:21:33]}
{[%emt 00:01:24]} Qa5 {[%clk 00:23:13]} {[%emt 00:00:44]} 33. Qb4 {[%clk
00:20:03]} {[%emt 00:02:01]} Qc7 {[%clk 00:23:29]} {[%emt 00:00:14]} 34. Rd3
{[%clk 00:18:42]} {[%emt 00:01:50]} Bf8 {[%clk 00:23:25]} {[%emt 00:00:33]} 35.
Qa4 {[%clk 00:17:33]} {[%emt 00:01:39]} Qe7 {[%clk 00:22:46]} {[%emt 00:01:09]}
36. Rd7 {[%clk 00:16:39]} {[%emt 00:01:23]} Qxa3 {[%clk 00:22:43]} {[%emt
00:00:34]} 37. Qxa3 {[%clk 00:17:05]} {[%emt 00:00:06]} Bxa3 {[%clk 00:23:04]}
{[%emt 00:00:08]} 38. Rxb7 {[%clk 00:17:22]} {[%emt 00:00:13]} a5 {[%clk
00:22:43]} {[%emt 00:00:50]} 39. Ra1 {[%clk 00:16:52]} {[%emt 00:01:00]} Bd6
{[%clk 00:22:43]} {[%emt 00:00:30]} 40. Rb5 {[%clk 00:15:36]} {[%emt 00:01:46]}
Bc7 {[%clk 00:22:55]} {[%emt 00:00:18]} 41. Ra4 {[%clk 00:13:07]} {[%emt
00:02:59]} Rd8 {[%clk 00:23:00]} {[%emt 00:00:25]} 42. g3 {[%clk 00:11:56]}
{[%emt 00:01:41]} Kg7 {[%clk 00:22:06]} {[%emt 00:01:24]} 43. b4 {[%clk
00:11:38]} {[%emt 00:00:48]} axb4 {[%clk 00:22:08]} {[%emt 00:00:27]} 44. Raxb4
{[%clk 00:11:34]} {[%emt 00:00:35]} Bd6 {[%clk 00:21:34]} {[%emt 00:01:04]} 45.
c5 {[%clk 00:10:53]} {[%emt 00:01:11]} Be7 {[%clk 00:21:43]} {[%emt 00:00:19]}
46. Rc4 {[%clk 00:10:28]} {[%emt 00:00:57]} Rc8 {[%clk 00:21:53]} {[%emt
00:00:19]} 47. c6 {[%clk 00:09:05]} {[%emt 00:01:55]} Rc7 {[%clk 00:21:32]}
{[%emt 00:00:50]} 48. Rb7 {[%clk 00:08:35]} {[%emt 00:01:01]} Bd6 {[%clk
00:21:38]} {[%emt 00:00:21]} 49. Rxc7 {[%clk 00:07:08]} {[%emt 00:01:59]} Bxc7
{[%clk 00:22:00]} {[%emt 00:00:06]} 50. Rd4 {[%clk 00:07:27]} {[%emt 00:00:12]}
Kf6 {[%clk 00:21:00]} {[%emt 00:01:30]} 51. Rd7 {[%clk 00:07:20]} {[%emt
00:00:36]} Bb6 {[%clk 00:20:56]} {[%emt 00:00:34]} 52. c7 {[%clk 00:07:11]}
{[%emt 00:00:41]} Bxc7 {[%clk 00:21:16]} {[%emt 00:00:09]} 53. Rxc7 {[%clk
00:07:39]} {[%emt 00:00:02]} Kg7 {[%clk 00:21:26]} {[%emt 00:00:20]} 54. Kg2
{[%clk 00:07:51]} {[%emt 00:00:19]} Kh6 {[%clk 00:21:39]} {[%emt 00:00:16]} 55.
Rxf7 {[%clk 00:07:59]} {[%emt 00:00:22]} e5 {[%clk 00:21:50]} {[%emt 00:00:19]}
56. Re7 {[%clk 00:08:04]} {[%emt 00:00:26]} g5 {[%clk 00:22:02]} {[%emt
00:00:17]} 57. Rxe5 {[%clk 00:08:24]} {[%emt 00:00:11]} Kh5 {[%clk 00:22:00]}
{[%emt 00:00:32]} 58. h4 {[%clk 00:02:13]} {[%emt 00:06:41]} h6 {[%clk
00:21:54]} {[%emt 00:00:36]} 59. hxg5 {[%clk 00:01:19]} {[%emt 00:01:24]} hxg5
{[%clk 00:21:56]} {[%emt 00:00:27]} 60. Re8 {[%clk 00:01:28]} {[%emt 00:00:21]}
g4 {[%clk 00:21:44]} {[%emt 00:00:41]} 61. f3 {[%clk 00:01:26]} {[%emt
00:00:33]} gxf3+ {[%clk 00:21:04]} {[%emt 00:01:09]} 62. Kxf3 {[%clk 00:01:50]}
{[%emt 00:00:07]} Kg5 {[%clk 00:21:18]} {[%emt 00:00:15]} 63. Ra8 {[%clk
00:01:00]} {[%emt 00:01:21]} Kf5 {[%clk 00:21:12]} {[%emt 00:00:35]} 64. g4+
{[%clk 00:00:54]} {[%emt 00:00:37]} Kg6 {[%clk 00:21:30]} {[%emt 00:00:11]} 65.
Kf4 {[%clk 00:00:54]} {[%emt 00:00:31]} Kf6 {[%clk 00:21:50]} {[%emt 00:00:08]}
66. g5+ {[%clk 00:29:50]} {[%emt 00:01:35]} Kg6 {[%clk 00:52:05]} {[%emt
00:00:15]} 67. Kg4 {[%clk 00:30:09]} {[%emt 00:00:11]} Kg7 {[%clk 00:52:27]}
{[%emt 00:00:07]} 68. Kh5 {[%clk 00:29:14]} {[%emt 00:01:25]} Kh7 {[%clk
00:52:29]} {[%emt 00:00:28]} 69. Ra7+ {[%clk 00:28:16]} {[%emt 00:01:29]} Kh8
{[%clk 00:52:45]} {[%emt 00:00:13]} 70. Kh6 {[%clk 00:27:07]} {[%emt 00:01:39]}
Kg8 {[%clk 00:53:01]} {[%emt 00:00:13]} 71. g6 {[%clk 00:27:15]} {[%emt
00:00:23]} Kf8 {[%clk 00:53:16]} {[%emt 00:00:15]} 72. Kh7 {[%clk 00:27:19]}
{[%emt 00:00:27]} Ke8 {[%clk 00:53:27]} {[%emt 00:00:17]} 73. g7 {[%clk
00:27:43]} {[%emt 00:00:07]} 1-0